000 00213nam a22000857a 4500
008 160808b xxu||||| |||| 00| 0 eng d
100 _958
_aJain S.K
245 _aScience-8
260 _aNew Delhi
_bPrachi Publication
_c2013
999 _c2710
_d2710